| 000 | 00593nam a22001937a 4500 | ||
|---|---|---|---|
| 003 | OSt | ||
| 005 | 20250709082009.0 | ||
| 008 | 250709b |||||||| |||| 00| 0 eng d | ||
| 020 | _a9789719654209 | ||
| 040 |
_aDWCL - Main lib _cOC |
||
| 082 | _aFil. 910.46 M491 2016 | ||
| 100 | _aMedina, Roberto G. | ||
| 245 |
_a Hotel and resort front office management/ _cRoberto G. Medina |
||
| 260 |
_aManila : _b Unlimited Books, _cc2016. |
||
| 300 |
_ax, 242 pages ; _c23 cm. |
||
| 504 | _aIncludes bibliographical references. | ||
| 650 | _a1. Hotel management | ||
| 942 |
_2ddc _cBK - FIL _kFil. _n0 |
||
| 999 |
_c3545 _d3545 |
||